Co to za logo na literę P? - Statystyki

Ogólne statystyki
  • Ten quiz został rozwiązany 7 402 razy
    7 324 od ostatniego zresetowania
  • Średni wynik to 14 z 20
Statystyki odpowiedzi
Obrazkowy Odpowiedź % Poprawnych
Pepsi
100%
Puma
99%
Platforma Obywatelska
98%
Playstation
94%
PayPal
93%
Porsche
93%
Pizza Hut
92%
Pampers
88%
Pringles
86%
PZPN
78%
Playboy
76%
Paramount
68%
Philips
67%
Polo Ralph Lauren
66%
Peugeot
51%
Panini
50%
Procter & Gamble
46%
Prada
39%
Pirelli
37%
Patagonia
21%
Nie znaleziono quizów pasujących do podanych kryteriów
Rozkład punktacji
Procent ludzi z każdym wynikiem
Percentyl według liczby udzielonych odpowiedzi
Twoja historia wyników
Nie rozwiązałeś tego quizu od ostatniego zresetowania